| 000 | 00837nam a2200229 a 4500 | ||
|---|---|---|---|
| 001 | vtls001164760 | ||
| 003 | MY-SjTCS | ||
| 005 | 20200226120921.0 | ||
| 008 | 110218s1997 ilua f 001 0 eng | ||
| 020 | _a0844259144 | ||
| 039 | 9 |
_a201207251001 _bwilmina _c201102181514 _dVLOAD _c201101111958 _dsumathi _y200407271847 _zVLOAD |
|
| 082 | 0 | 4 |
_a653.81 _bSTE |
| 100 | 1 |
_aStein, Donna Baier. _96322 |
|
| 245 | 1 | 0 |
_aWrite on target : _bthe direct marketer's copywriting handbook / _cDonna Baier Stein, Floyd Kemske |
| 260 |
_aLincolnwood, Ill. : _bNTC Business Books, _c1997. |
||
| 300 |
_avii, 274 p. : _bill. ; _c24 cm. |
||
| 500 | _aIncludes index. | ||
| 650 | 0 |
_aSales letters _vHandbooks, manuals, etc. |
|
| 650 | 0 |
_aAdvertising copy _vHandbooks, manuals, etc. _923297 |
|
| 700 | 1 |
_aKemske, Floyd, _d1947- _990691 |
|
| 920 | _aSABD : 25937 | ||
| 999 | _c173073 | ||